000 00654nam a2200229 4500
003 OSt
005 20260601193852.0
008 260420b1993 sp |||| |||| 00| 0 spa d
040 _aICI
_bspa
_cICI
050 _aHB501
_bM3675
100 1 _aCarlos Marx
_d1818-1883,
_932451
245 1 _aLa Mercancía y su Circulación (Mercancía y Dinero)
_bMercancia y moneda.
246 _aMercancia y moneda.
264 _bEdiciones Roca
_c1973
_aMéxico
300 _a159 páginas
336 _atexto
_2rdacontent
337 _asin medio
_2rdamedia
338 _avolumen
_2rdacarrier
650 _aCapital
_932452
650 _aEconomía
_914865
942 _2ddc
_cB
999 _c21888
_d21888